Music Quiz

Random Music or Song Quiz

Get the KINKS out! Quiz Stats

 Plays Quiz not verified by Sporcle

Challenge
Share
Tweet
Embed
Score 0/11 Timer 05:00
0 Plays Today
songs missing word % Correct
girl, you really __ me nowgot
98.4%
lazin' on a ____ afternoonsunny
97.8%
I'm not dumb but I can't understand why she walked like a woman but _____ like a mantalked
97.8%
____ End Street! Hey!Dead
91.4%
He's a well ______ man about townrespected
90.3%
he's a _________ follower of fashiondedicated
90.3%
wish I could fly like _______Superman
82.7%
Dirty old ____, got to keep rollingriver
77.8%
Father ________, give me some moneyChristmas
64.3%
______, will destroy 'yaparanoia
55.7%
take a good look around, the ____ are everywheremisfits
34.6%

You're not logged in!

Compare scores with friends on all Sporcle quizzes.
Join for Free
OR
Log In

You Might Also Like...

Show Comments

Extras

Created Dec 8, 2010SourceReportNominate
Tags:Song Quiz, kink

Top Quizzes Today


Score Distribution

Your Account Isn't Verified!

In order to create a playlist on Sporcle, you need to verify the email address you used during registration. Go to your Sporcle Settings to finish the process.

Report this User

Report this user for behavior that violates our Community Guidelines.

Details: